Retro Anime Intro Quiz - Statistiken

Allgemein
  • Dieses Quiz wurde 376 mal gespielt
  • Das Durchschnittsergebnis liegt bei 8 aus 15
Antwortstatistiken
Hint Antwort % Korrekt
Ich will der allerbeste sein, wie keiner vor mir war. Ganz allein fang ich sie mir, ich kenne die Gefahr... Pokemon
98%
Zeit für ein Du-Du-Du Duell Yu-Gi-Oh
92%
Leb deinen Traum, denn er wird wahr. Geh' deinen Weg, stelle dich der Gefahr... Digimon
89%
Wir treiben immer südwärts, wenn's aus Norden weht, und dreh'n uns, wie der Wind sich dreht, auf der Suche nach dem goldenen Traum im Licht... One Piece
81%
..... du bist unser Held, du kämpfst dich tapfer durch die Welt. Die Feinde lauern überall, denn jeder sucht die.... Dragon Ball
78%
Mit aller Kraft, mit Leidenschaft, suchen wir die Wahrheit, die man vor uns versteckt... Detektiv Conan
66%
Flieg durch die Zeit, schau nicht zurück, sei bereit, jeden Augenblick... Inu Yasha
60%
Jeden Tag ist ein anderes Spiel zu Ende und bevor man nachhaus geht, reicht man sich einander die Hände und hat was gelernt... Kickers
60%
.... ist 12 Jahre alt, lebt im fernen Japan. Kulleraugen, Pferdeschwanz, der Kopf voll Fantasie... Mila Superstar
56%
Wieder mal, weiß ich nicht, was ich tu. Liebe ist kein Kinderspiel und 2 gehören dazu... Ranma
53%
Wilde Rose stolz und frei - immer nur sich selber treu... Lady Oscar
18%
Da sagt man Nachts sind alle Katzen grau, wer das behauptet kennt uns 3 noch nicht... Ein Supertrio
10%
Hallo ..... , Gott sei Dank hab ich dich. Du bist mal wieder die Rettung für mich. Kein Hund war jemals gescheiter, Hallo...., lass mich nicht im Stich Hallo Kurt
8%
Ja wir sind Freunde, ein Wal und ein Kind. Wir halten zusammen, wie das Meer und der Wind... Tico
7%
In einem Land, wo die Sonne immer lacht, voll Geheimnis Tag und Nacht, leben Jackie und ihr kleiner Freund.... Buschbabies
3%
Keine übereinstimmenden Quizze gefunden
Verteilung der Resultate
Anzahl Personen mit jedem Resultat
Perzentil nach korrekt beantworteten Fragen
Ihre Resultats-Entwicklung
Sie haben dieses Quiz noch nicht gespielt